000 00665nam a2200265Ia 4500
005 20250425161826.0
008 250425s9999 xx 000 0 und d
020 _a9978810013
041 _aspa
043 _aec
082 _a341.02636
100 _aEDICIONES, LEGALES
245 0 _aMANUAL LEGAL PARA EL EMPRESARIO Y EL EJECUTIVO
250 _a4A ED.
260 _aEcuador
_bEDICIONES LEGALES
_c1999
260 _aQUITO
_bCORPORACION MYL
300 _a624
500 _aTOMO I
650 _aEMPRESARIOS
650 _aLEYES
650 _aREGLAMENTOS DE HIDROCARBUROS
710 _aEDICIONES LEGALES DEL ECUADOR
942 _c01
010 _a31230
999 _c216889
_d216889